Quizzes
Events
Quiz Creation
Community
Videos
Private Events
Remove Ads
Sign In
Join for FREE
Feedback
Dark Mode
Quiz Categories
Sports
Geography
Music
Movies
Television
Just For Fun
Miscellaneous
History
Literature
Language
Science
Gaming
Entertainment
Religion
Holiday
For Kids
Quiz Lab
Recent
Popular Today
Quiz Kudos Today
Editor Picks
Curator Picks
Quizzes by...
Day
Popularity
Type
Ratings
Length
Year
Community
Subscriptions
Recent Discussions
Orange Saloon
Badges
Playlists
Quests
Create
Leaderboards
Showdown
Live 5
Trivia Bingo
Activity
Puzzle Library
Sporcle Events
Private Events
Virtual Trivia
Globe League
Become a Host
Pub Owners
SporcleCon
Opinionation
Our Games
Videos
Blog
Mobile Apps
Partnerships
Remove Ads and Go Orange
Feedback
Sports
Athletes
MLB
NBA
NHL
NFL
Soccer
Sports Teams
WWE
NCAA
Football
Premier League
Basketball
Baseball
Hockey
Golf
Tennis
Cricket
Rugby
Auto Racing
Olympics
World Cup
Sports
Athletes
MLB
NBA
NHL
NFL
Soccer
Sports Teams
WWE
NCAA
Football
Premier League
Basketball
Baseball
Hockey
Golf
Tennis
Cricket
Rugby
Auto Racing
Olympics
World Cup
Random Quiz
Search Sporcle
×
Quiz Lab
Quiz Lab
Sports
Le Mans
Type in answers that appear in a list
Type in answers that appear in a list
Classic
Best Score? Go Orange.
WEC/WSC/ILMC Driver's Champions 1981 - 2014 Stats
Can you name the WEC/WSC/ILMC Driver's Champions 1981 - 2014?
By
Benji_JR4
10m
23 Questions
87 Plays
87 Plays
87 Plays
Comments
Comments
Give Quiz Kudos
Give Quiz Kudos
-
- Ratings
hide this ad
Replay
Link that replays current quiz
Next Quiz
Link to next quiz in quiz playlist
You Got
0%
They Got
Avg Score
70%
Avg Friend Score
Upgrade to see
Score Distribution
Jump to the score distribution portion of the page
Score
0/23
Timer
10:00
0
Plays Today
Year
Driver
% Correct
1985 World Endurance Championship
Derek Bell
90.8%
1986 World Sports Prototype Championship
Derek Bell
90.8%
1982 World Endurance Championship
Jacky Ickx
89.7%
1983 World Endurance Championship
Jacky Ickx
89.7%
2013 FIA World Endurance Championship
Tom Kristensen
85.1%
2012 FIA World Endurance Championship
Andre Lotterer
80.5%
2013 FIA World Endurance Championship
Allan McNish
80.5%
1985 World Endurance Championship
Hans-Joachim Stuck
77%
1988 World Sports Prototype Championship
Martin Brundle
77%
1984 World Endurance Championship
Stefan Bellof
73.6%
1992 FIA Sportscar World Championship
Yannick Dalmas
72.4%
2014 FIA World Endurance Championship
Sébastien Buemi
70.1%
Year
Driver
% Correct
2012 FIA World Endurance Championship
Marcel Fassler
69%
1992 FIA Sportscar World Championship
Derek Warwick
69%
1989 World Sports Prototype Championship
Jean-Louis Schlesser
67.8%
1990 World Sports Prototype Championship
Jean-Louis Schlesser
67.8%
2012 FIA World Endurance Championship
Benoit Treluyer
63.2%
2013 FIA World Endurance Championship
Loïc Duval
62.1%
1990 World Sports Prototype Championship
Mauro Baldi
60.9%
2014 FIA World Endurance Championship
Anthony Davidson
58.6%
1991 FIA Sportscar World Championship
Teo Fabi
48.3%
1987 World Sports Prototype Championship
Raul Boesel
42.5%
1981 World Endurance Championship
Bob Garretson
28.7%
Quiz Playlist
Details
Report
Send in Message
Add To Playlist
Classic:
Type in answers that appear in a list
Last Updated: Feb 16, 2017
Quiz Scoreboard
CHALLENGE
Sign Up to Join the Scoreboard
Show All
Scores
Hide
Comments
May contain spoilers
Recently Published
Presidents Visiting Landmarks
by Hejman
History
7m
An Introduction to Baseball
by treessimontrees
Sports
5m
Movies - When Are They Set?
by FPL_Elf
Movies
5m
More to Explore
Quiz From the Vault
Featured Blog Post
Where Did the Easter Bunny Come From?
hide this ad
You Might Also Like...
Tags
Driver
Drivers Championship
Le Mans
Today's Top Quizzes in Sports
Browse Sports
hide this ad
Top Contributed Quizzes in Sports
1
Les meilleurs buteurs des matchs entre le PSG et l’OM
2
2022 World Cup Stars
3
FIFA Club World Cup Champions
4
Les entraîneurs de l'OM et du PSG au 21e siècle
5
Name the Premier League winners with different clubs
6
La finale Lions - Afrique du Sud 2021
7
5-to-1: UK Sports Teams
8
England Test cricketers to play under Nasser Hussain
9
Players with Multiple 50 Home Run Seasons
10
AFC Teams Reveal (Wrong Answers Minefield)
Explore More
Trending Topics
Crossword
Kpop
Marvel
Harry Potter
Anime
NBA
Disney
Song
Country
Pokémon
Puzzle
WWE
The Office
Soccer
NFL
hide this ad
More By:
Benji_JR4
Quiz
Plays
Rating
Category
Featured
Created
F1 Race Winners 1990-2022
2,575
3.60
Sports
Mar 9, 2015
BTCC Race Winners 1992-2022
2,546
5.00
Sports
Mar 9, 2015
Formula 1 Constructors
631
3.60
Sports
Apr 27, 2015
BTCC Car Models of the 2 Liter era
407
1.00
Sports
Mar 27, 2015
F1 Driver Records
389
5.00
Sports
Jun 25, 2015
Go to Creator's Profile
Score Distribution
Quiz Creator Spotlight
Benji_JR4
Follow
Send a Message
Quizzes Created
-
Created Quiz Play Count
-
More By This Creator
Popular Quizzes Today
1
Find the US States - No Outlines Minefield
2
Find the Countries of Europe - No Outlines Minefield
3
The Countries of the World
4
Find the US States
5
Popular People in 1961
6
US States
7
Risky Map Clicking: Biggest States A-Z
8
1-10 Letter E Words III
More Sports Quizzes
Anything but Big 4 Teams
Published
Trending Quizzes
Risky Map Clicking: Least Populous States A-Z
1-10 Letter G Words
1-10 Letter F Words
Risky Map Clicking: Next State Alphabetically
Risky Map Clicking: Biggest States A-Z
Recently Updated
Leaping Animals
pecheneg
Reality TV Shows (A-Z)
bhenderson79
Rickey Henderson's Hall of Fame Teammates
pecheneg
Champions League XIs: Arsenal
pecheneg
Quick Pick: Celebrities in WWE's Hall of Fame
aduchscher
A-Z Keypad Blitz II
pecheneg
Multiple Oscar Actors
pecheneg
Mystery Phrase Blitz: Oscar 'Best Actors'
pecheneg
F. Scott Fitzgerald Novels
LTH
Pick 3 Villains
ddd62291
Trending Topics
Crossword
Anime
Harry Potter
Kpop
NBA
Marvel
Disney
Soccer
NFL
Country
Pokémon
The Office
Song
Puzzle
WWE
Your Account Isn't Verified!
In order to create a playlist on Sporcle, you need to verify the email address you used during registration. Go to your
Sporcle Settings
to finish the process.
Report this User
Report this user for behavior that violates our
Community Guidelines
.
Details:
Send Report
Go to the Sporcle.com Mobile Site →
Comments